| 000 -ლიდერი |
| ფიქსირებული სიგრძის საკონტროლო ველი |
01133nam a22002297a 4500 |
| 003 - საკონტროლო ნომრის იდენტიფიკატორი |
| საკონტროლო ველი |
Ge_BSU |
| 005 - ბოლო ოპერაციის თარიღი და დრო |
| საკონტროლო ველი |
20250219124649.0 |
| 008 - ფიქსირებული სიგრძის მონაცემთა ელემენტები - ზოგადი ინფორმაცია |
| ფიქსირებული სიგრძის საკონტროლო ველი |
250219s1958 ge ||||| |||| 00| 0 geo d |
| 041 ## - ენის კოდი |
| Language code of text/sound track or separate title |
geo |
| 080 ## - უნივერსალური ათობითი კლასიფიკაციის ინდექსი |
| Universal Decimal Classification number |
611(075.3) : 612(075.3) გ-21 |
| 100 ## - მთავარი ჩანაწერი - პიროვნების სახელი |
| Personal name |
გარიბიანი, რ.ბ. |
| 9 (RLIN) |
24397 |
| 245 ## - ცნობა სათაურის შესახებ |
| Title |
ადამიანის ანატომია და ფიზიოლოგია : |
| Remainder of title |
საშ. სკოლის მე-8 კლ. სახელმძღვ. / |
| Statement of responsibility, etc |
რ.ბ. გარიბიანი, ნ.გ. მარკოვი ; თარგმ.: შ. ჩუბინიძის. |
| 250 ## - გამოცემის ცნობა |
| Edition statement |
მე-3 გამოც. |
| 264 ## - წარმოების, გამოცემის, დისტრიბუციის და სხვა ცნობები |
| გამოცემის, წარმოების, დისტრიბუციის... ადგილი |
თბ. : |
| გამოცემის, წარმოების, დისტრიბუციის... სახელწოდება |
ცოდნა, |
| გამოცემის, წარმოების, დისტრიბუციის... თარიღი |
1958. |
| 300 ## - ფიზიკური აღწერა |
| Extent |
256 გვ. : |
| Other physical details |
ილ., 7ფ. ტაბ. ; |
| Dimensions |
22 სმ. |
| 653 ## - INDEX TERM--UNCONTROLLED |
| Uncontrolled term |
ადამიანის ანატომია |
| 653 ## - INDEX TERM--UNCONTROLLED |
| Uncontrolled term |
ადამიანის ფიზიოლოგია |
| 653 ## - INDEX TERM--UNCONTROLLED |
| Uncontrolled term |
მედიცინა |
| 700 ## - ADDED ENTRY--PERSONAL NAME |
| Personal name |
მარკოვი, ნ.გ. |
| Relator term |
ავტორი |
| 9 (RLIN) |
24398 |
| 700 ## - ADDED ENTRY--PERSONAL NAME |
| Personal name |
ჩუბინიძე, შ. |
| Relator term |
მთარგმნელი |
| 9 (RLIN) |
22578 |
| 942 ## - ADDED ENTRY ELEMENTS (KOHA) |
| Source of classification or shelving scheme |
|
| Koha item type |
წიგნი |